|
|
|
|
| LEADER |
00946nam a2200241 a 4500 |
| 001 |
28455 |
| 008 |
141019s2011 enk 000 j eng d |
| 010 |
|
|
|a 2011507683
|
| 020 |
|
|
|a 9780701179885 (cased)
|
| 020 |
|
|
|a 0701179880 (cased)
|
| 040 |
|
|
|a NLE
|c NLE
|d YDXCP
|d Z0P
|d BWK
|d DEBBG
|d HLS
|d KKU
|d IUL
|d DLC
|d BD-DhAAL
|
| 050 |
0 |
0 |
|a PR9199.3.M8
|b A6 2011
|
| 082 |
0 |
4 |
|a 813.54
|2 22
|
| 100 |
1 |
|
|a Munro, Alice,
|d 1931-
|
| 240 |
1 |
0 |
|a Short stories.
|k Selections
|
| 245 |
1 |
0 |
|a New selected stories /
|c Alice Munro.
|
| 260 |
|
|
|a London :
|b Chatto & Windus,
|c 2011.
|
| 300 |
|
|
|a 434 p. ;
|c 24 cm.
|
| 541 |
|
|
|a 28455
|
| 650 |
|
0 |
|a Short stories, Canadian.
|
| 651 |
|
0 |
|a Canada
|x Social life and customs
|v Fiction.
|
| 999 |
|
|
|c 32959
|d 32959
|
| 952 |
|
|
|0 0
|1 0
|4 0
|6 813_540000000000000_MUN
|7 0
|9 43894
|a BRACUL
|b BRACUL
|c GEN
|d 2014-10-21
|e Friends Book Corner
|g 175.00
|l 1
|m 7
|o 813.54 MUN
|p 3010028455
|r 2022-09-05
|s 2022-07-06
|t 1
|w 2014-10-21
|y BK
|x Transferred from BIL to BRACUL on 06/06/22
|